Eastern Utah Libraries Catalog: Duchesne, Heber, Roosevelt, & Vernal

Hashbrown Winters and the Mashimoto madness / (Record no. 75259)

MARC details
000 -LEADER
fixed length control field 01271cam a2200325 a 4500
001 - CONTROL NUMBER
control field 15938650
005 - DATE AND TIME OF LATEST TRANSACTION
control field 20241220130419.0
092 ## - LOCALLY ASSIGNED DEWEY CALL NUMBER (OCLC)
Classification number COLE
008 - FIXED-LENGTH DATA ELEMENTS--GENERAL INFORMATION
fixed length control field 091009s2010 utua c 000 1 eng c
010 ## - LIBRARY OF CONGRESS CONTROL NUMBER
LC control number 2009042792
020 ## - INTERNATIONAL STANDARD BOOK NUMBER
International Standard Book Number 9781599553788
040 ## - CATALOGING SOURCE
Original cataloging agency UPB/DLC
Transcribing agency DLC
Modifying agency DLC
042 ## - AUTHENTICATION CODE
Authentication code pcc
-- lcac
050 00 - LIBRARY OF CONGRESS CALL NUMBER
Classification number PZ7.C673435
Item number Has 2010
082 00 - DEWEY DECIMAL CLASSIFICATION NUMBER
Classification number [Fic]
Edition number 22
100 1# - MAIN ENTRY--PERSONAL NAME
Personal name Cole, Frank,
Dates associated with a name 1977-
9 (RLIN) 5810545
245 10 - TITLE STATEMENT
Title Hashbrown Winters and the Mashimoto madness /
Statement of responsibility, etc Frank L. Cole ; [illustrations by Adam Record].
260 ## - PUBLICATION, DISTRIBUTION, ETC. (IMPRINT)
Place of publication, distribution, etc Springville, Utah :
Name of publisher, distributor, etc Bonneville Books :
-- Distributed by Cedar Fort,
Date of publication, distribution, etc c2010.
300 ## - PHYSICAL DESCRIPTION
Extent 118 p. :
Other physical details ill. ;
Dimensions 21 cm.
520 ## - SUMMARY, ETC.
Summary, etc Hashbrown Winters and his friends foil an evil plot by a fellow student to take over Pordunce Elementary School.
650 #1 - SUBJECT ADDED ENTRY--TOPICAL TERM
Topical term or geographic name as entry element Schools
Form subdivision Fiction.
9 (RLIN) 5673727
650 #1 - SUBJECT ADDED ENTRY--TOPICAL TERM
Topical term or geographic name as entry element Humorous stories.
9 (RLIN) 6218604
700 1# - ADDED ENTRY--PERSONAL NAME
Personal name Record, Adam,
Relator term ill.
9 (RLIN) 5882807
906 ## - LOCAL DATA ELEMENT F, LDF (RLIN)
a 7
b cbc
c orignew
d 1
e ecip
f 20
g y-gencatlg
925 0# -
-- acquire
-- 2 shelf copies
-- policy default
-- claim1 2010-04-13
942 ## - ADDED ENTRY ELEMENTS (KOHA)
Koha item type BOOK
955 ## - COPY-LEVEL INFORMATION (RLIN)
-- xc07 2010-10-27 to BCCD
985 ## -
-- UPBCIP
-- 2009-10-09
998 ## - LOCAL CONTROL INFORMATION (RLIN)
-- a141291
Holdings
Withdrawn status Lost status Source of classification or shelving scheme Damaged status Not for loan Collection code Home library Current library Shelving location Date acquired Cost, normal purchase price Total Checkouts Total Renewals Full call number Barcode Date last seen Date checked out Cost, replacement price Price effective from Koha item type
    Dewey Decimal Classification     Junior Fiction Wasatch County Library Wasatch County Library Main Floor Junior Area 02/13/2012 7.99 21 1 J Cole 34301001047259 02/23/2024 10/24/2023 7.99 03/20/2020 BOOK
This project was made possible through a grant from the Institute of Museum and Library Service administered by the Utah State Library Division.

Wasatch County Library

  • 465 East 1200 South, Heber City, Utah 84032
  • Phone 435-654-1511 | Fax 435-654-6456

Hours

  • Monday - Friday 9:30 AM - 8:00 PM
  • Saturday 9:30 AM - 1:30 PM
  • Closed Sundays and Holidays